|
|
|
|
| LEADER |
01279nam a2200241 a 4500 |
| 001 |
GR-MES136 |
| 008 |
991111s1987 be 000 b eng d |
| 040 |
|
|
|a GrPaTEI
|b gre
|c GR-PaULI
|
| 245 |
0 |
0 |
|a Artemia research and its applications :
|b Preceedings of the Second International Symposium on the brine shrimb Artemia, organised under the patronage of His Majesty the King of Belgium
|n 2 .
|p Metabolism and development, enzymes related to nucleotide and nucleid acid metabolism, genome structure and expression.
|
| 260 |
|
|
|a Belgium :
|b Universa,
|c 1987
|
| 300 |
|
|
|a xix, 541σελ. :
|b εικ.,σχημ.,πιν.
|
| 500 |
|
|
|a Περιέχει βιβλιογραφικές αναφορές
|
| 650 |
|
4 |
|a Γαρίδες-Αρτέμια-Ανάπτυξη
|
| 650 |
|
4 |
|a Γαρίδες-Αρτέμια-Γενετική δομή
|
| 650 |
|
4 |
|a Γαρίδες-Αρτέμια-Μεταβολισμός
|
| 700 |
1 |
|
|a Decleir, Walter
|
| 700 |
1 |
|
|a Moens, Luc
|
| 700 |
1 |
|
|a Slegers, Herman
|
| 710 |
0 |
|
|a Universa
|
| 942 |
|
|
|2 ddc
|
| 952 |
|
|
|0 0
|1 0
|2 ddc
|4 0
|6 595_384000000000000_3_DEC
|7 0
|9 263411
|a MSLG
|b MSLG
|c BSC
|d 2021-01-17
|e 24
|f 0
|g 0.00
|l 0
|o 595.384 3 DEC
|p 2420000003890
|r 2021-01-17 00:00:00
|t 1
|w 2021-01-17
|y BK15
|x 19991111 0 1
|x GrPaTEI
|
| 971 |
|
|
|a .b25711775
|b 15-04-20
|c 13-09-16
|
| 999 |
|
|
|c 151623
|d 151623
|